[Event "2. Europameisterschaft"]
[Site "Ohrid"]
[Date "2001.06.14"]
[Round "13.81"]
[White "Kantsler, Boris"]
[Black "Korobov, Anton"]
[Result "1/2-1/2"]
[WhiteElo "2507"]
[BlackElo "2401"]
[PlyCount "75"]

1. d4 Nf6 2. c4 e6 3. Nc3 Bb4 4. e3 O-O 5. Nge2 b6 6. a3 Bxc3+ 7. Nxc3 Bb7 8.
f3 Nh5 9. g3 f5 10. Bg2 d6 11. O-O Nd7 12. d5 exd5 13. cxd5 a5 14. Rb1 Ba6 15.
Rf2 Qf6 16. f4 Qg6 17. b4 Nhf6 18. Qd4 Ng4 19. Rf3 axb4 20. axb4 Qh5 21. h3
Ngf6 22. Bb2 Qg6 23. Kh2 Rfe8 24. Re1 h6 25. Ra1 Bb7 26. Rxa8 Rxa8 27. Qc4 Rc8
28. Rf1 Nh5 29. Ne2 Ndf6 30. Ra1 Qf7 31. Bxf6 Nxf6 32. Nc3 c5 33. Ra7 Ra8 34.
Rxa8+ Bxa8 35. bxc5 bxc5 36. Qa6 Qf8 37. Qd3 Qc8 38. Bf3 1/2-1/2